000
00253nam a2200109Ia 4500
008
190216s9999||||xx |||||||||||||| ||und||
100
_a
Igor Blishchenko
245
0
_a
International Humanitarial Law
260
_b
Null
_c
1989
300
_a
320p
942
_c
BK
999
_c
5457
_d
5457